000 00559nam a22002057a 4500
005 20140811110754.0
010 _aENG-110353
020 _a9789350621752
_c450.00
035 _aEN-93885
037 _bDBAD/PUB
082 _a346.5407
100 _aGulshan, S. S.
245 _aMercantile law /
_cby S. S. Gulshan
250 _a4th ed
260 _aNew Delhi
_bExcel Books
_c2013
270 _aA-45, Naraina, Phase I
_bNew Delhi
_e110028
300 _aix,728p.
_c28cm(pbk)
500 _aIncludes index
942 _2ddc
_cEN
_mGUL
_h346.5407
999 _c86292
_d86292